000 00234nam a2200097Ia 4500
001 729435
005 20250826163527.0
008 250824s9999 xx 000 0 und d
245 0 _aFİTH HARBİYE
_cPEYAMİ SAFA
260 _bBETA YAYINLARI
999 _c729435
_d729435